Statistics for MLB Baseball Strikeout Leaders

Click here to take the quiz!

General Stats

  • This quiz has been taken 24,673 times
    (8,811 since last reset)
  • The average score is 22 of 57

Answer Stats

CareerSingle-SeasonPlayer% Correct
5714383Nolan Ryan
93%
4875372Randy Johnson
88%
3509313Walter Johnson
87%
2944301Clayton Kershaw
77%
3342300Justin Verlander
76%
4672Roger Clemens
74%
2803Cy Young
71%
3367300Max Scherzer
71%
3371Greg Maddux
70%
3154313Pedro Martinez
70%
2396382Sandy Koufax
68%
3117Bob Gibson
60%
3084John Smoltz
56%
2607Tom Glavine
56%
3640Tom Seaver
56%
326Gerrit Cole
49%
3116319Curt Schilling
48%
4136310Steve Carlton
47%
3093C.C. Sabathia
44%
2524Felix Hernandez
43%
2581348Bob Feller
41%
2979Zack Greinke
41%
2507Christy Mathewson
39%
3342Phil Niekro
37%
3701Bert Blyleven
34%
308Chris Sale
34%
2486Don Drysdale
34%
2583Warren Spahn
34%
3574Don Sutton
32%
3534Gaylord Perry
32%
2448Andy Pettitte
31%
2813Mike Mussina
31%
3192Fergie Jenkins
29%
301Vida Blue
29%
2401Dennis Eckersley
28%
2535Bartolo Colon
27%
2668David Cone
27%
2397Kevin Brown
27%
2478Jack Morris
26%
2441Jamie Moyer
21%
313J.R. Richard
21%
2560Cole Hamels
20%
2416Luis Tiant
20%
2832308Mickey Lolich
20%
306Mike Scott
20%
2488Jon Lester
19%
2453325Sam McDowell
19%
2855Jim Bunning
18%
2461Jim Kaat
17%
2773Frank Tanana
16%
2556Jerry Koosman
16%
349Rube Waddell
16%
2513A.J. Burnett
13%
2610Chuck Finley
13%
2564Tim Keefe
13%
2464Mark Langston
12%
2536Javier Vazquez
11%

Score Distribution

Percentile by Number Answered

Percent of People with Each Score

Your Score History

You have not taken this quiz since the last reset